Electra /

Gardado en:
Detalles Bibliográficos
Autor Principal: Eurípides (autor)
Formato: Libro
Idioma:inglés
Publicado: Cambridge, EUA : Londres, Inglaterra : Harvard University ; Heinemann, 1978, c1978
Series:(Loeb Classical Library ; 10)
Temas:
Etiquetas: Engadir etiqueta
Sen Etiquetas, Sexa o primeiro en etiquetar este rexistro!

MARC

LEADER 00000nam^a2200000^a^4500
001 000155864
005 20250521000000.0
009 20260310100443.057
020 |a 0-674-99011-0 
020 |a 0-434-99010-8 
037 |a Acervo ITESO - Biblioteca 
041 |a ING 
082 |a 882.  |b EUR V. 2 
100 |a Eurípides  |e (autor) 
240 1 4 |a [El cíclope] 
240 1 5 |a [Andrómaca] 
240 1 1 |a [Ifigenia en Táuride, de Eurípides] 
240 1 1 |a [Orestes] 
240 1 1 |a [Electra, de Eurípides] 
245 1 0 |a Electra /  |c Eurípides ; tr. por Arthur S. Way. 
264 4 |a Cambridge, EUA :  |b Harvard University ;  |a Londres, Inglaterra :  |b Heinemann,  |c 1978, c1978 
300 |a 1 v. (varias paginaciones) 
336 |a texto  |b txt  |2 rdacontenido 
337 |a sin mediación  |b n  |2 rdamedio 
338 |a volumen  |b nc  |2 rdasoporte 
440 1 |a (Loeb Classical Library ;  |v 10) 
546 |a Edición bilingüe griego-inglés 
649 |a XX 
650 |a Tragedia Griega 
650 |a Teatro Griego 
650 |a Literatura Griega -  |y Siglo V a.C. 
650 |a Literatura Clásica 
740 0 |a Orestes /  |c Eurípides ; tr. por Arthur S. Way. 
740 0 |a Iphigeneia in Taurica /  |c Eurípides ; tr. por Arthur S. Way. 
740 0 |a Andromache /  |c Eurípides ; tr. por Arthur S. Way. 
740 0 |a Cyclops /  |c Eurípides ; tr. por Arthur S. Way. 
910 |a Fondo Armando Suárez Gómez 
920 |a Impresos - Libros 
930 |a Fondos Especiales 
940 |a Literatura 
905 |a 111 
901 |a 0700005913  |b IT2  |c ESP  |u 20250521 
902 |a https://opac.biblio.iteso.mx/vufind/Record/000155864